Growth, distribution and public policy: (Record no. 8938)

MARC details
000 -LEADER
fixed length control field 00697 a2200205 4500
010 ## - LIBRARY OF CONGRESS CONTROL NUMBER
LC control number ENG-88663
020 ## - INTERNATIONAL STANDARD BOOK NUMBER
Terms of availability 2400.00
International Standard Book Number 8184500189
035 ## - SYSTEM CONTROL NUMBER
System control number EN-72196
037 ## - SOURCE OF ACQUISITION
Source of stock number/acquisition DBAD / PUB
082 14 - DEWEY DECIMAL CLASSIFICATION NUMBER
Classification number 338.064
090 ## - LOCALLY ASSIGNED LC-TYPE CALL NUMBER (OCLC); LOCAL CALL NUMBER (OCLC)
-- 9103
-- 9103
100 ## - MAIN ENTRY--PERSONAL NAME
Personal name Chatterjee, Biswajit
245 1# - TITLE STATEMENT
Title Growth, distribution and public policy:
Statement of responsibility, etc by Biswahit Chatterjee
Remainder of title a study of west Bengal/
260 ## - PUBLICATION, DISTRIBUTION, ETC. (IMPRINT)
Place of publication, distribution, etc New Delhi
Name of publisher, distributor, etc Deep & Deep Publications
Date of publication, distribution, etc 2007
270 ## - ADDRESS
Address F-159, Rajouri Garden
City New Delhi
Postal code 110 027
300 ## - PHYSICAL DESCRIPTION
Extent xxv, 825 p.
Dimensions 23cm (Hb)
500 ## - GENERAL NOTE
General note Includes index
942 ## - ADDED ENTRY ELEMENTS (KOHA)
Institution code [OBSOLETE] dpl
Koha item type English Books
Call number prefix 338.064 / CHA
Holdings
Withdrawn status Lost status Source of classification or shelving scheme Damaged status Not for loan Collection code Home library Current library Source of acquisition Cost, normal purchase price Total Checkouts Full call number Barcode Date last seen Copy number Uniform Resource Identifier Cost, replacement price Price effective from Koha item type
    Dewey Decimal Classification   Not For Loan Non-fiction D.B.Act.Division D.B.Act.Division DBAD/PUB 2400.00   338.064 CHA EN-72196 15/09/2008 1 9886 2400.00 15/09/2008 English Books

© Delhi Public Library
Hit Counter
free hit counter